000 00742cam a22002411 4500
001 sa 64000908
003 DLC
005 20260227111959.0
008 801017s1963 ii a 000 0 eng
010 _asa 64000908
025 _aPL480:I-E-2255
035 _a(OCoLC)6836670
040 _aDLC
_cNIC
_dDLC
042 _apremarc
050 0 0 _aHC440.I5
_bN3
110 2 _aNational Council of Applied Economic Research.
245 1 0 _aInter-district and inter-state income differentials, 1955-56.
260 _aNew Delhi
_c[1963]
300 _a33 p.
_bdiagr., tables.
_c24 cm.
490 1 _aIts Occasional papers,
_vno. 6
650 0 _aIncome
_zIndia.
810 2 _aNational Council of Applied Economic Research.
_tOccasional papers,
_vno. 6.
999 _c56481
_d56481